Human behavior in the social environment : (Record no. 266161)
[ view plain ]
| 000 -LEADER | |
|---|---|
| fixed length control field | 01822cam a2200385 i 4500 |
| 001 - CONTROL NUMBER | |
| control field | 18579011 |
| 003 - CONTROL NUMBER IDENTIFIER | |
| control field | OSt |
| 005 - DATE AND TIME OF LATEST TRANSACTION | |
| control field | 20260413122553.0 |
| 008 - FIXED-LENGTH DATA ELEMENTS--GENERAL INFORMATION | |
| fixed length control field | 150416s2016 enk b 001 0 eng |
| 020 ## - INTERNATIONAL STANDARD BOOK NUMBER | |
| International Standard Book Number | 0789034182 |
| Qualifying information | pbk |
| International Standard Book Number | 9780789089034182 |
| Qualifying information | pbk. |
| 035 ## - SYSTEM CONTROL NUMBER | |
| System control number | 18579011 |
| System control number | (DNLM)101656286 |
| 040 ## - CATALOGING SOURCE | |
| Original cataloging agency | DNLM/DLC |
| Language of cataloging | eng |
| Transcribing agency | DLC |
| Description conventions | rda |
| 042 ## - AUTHENTICATION CODE | |
| Authentication code | pcc |
| 050 00 - LIBRARY OF CONGRESS CALL NUMBER | |
| Classification number | HM1033 |
| Item number | .U73 2007 |
| 060 10 - NATIONAL LIBRARY OF MEDICINE CALL NUMBER | |
| Classification number | HM 1033 |
| 082 00 - DEWEY DECIMAL CLASSIFICATION NUMBER | |
| Classification number | 302 |
| Edition number | 23 |
| 100 1# - MAIN ENTRY--PERSONAL NAME | |
| Personal name | Urdang, Esther, |
| Relator term | author. |
| 245 10 - TITLE STATEMENT | |
| Title | Human behavior in the social environment : |
| Remainder of title | interweaving the inner and outer worlds / |
| Statement of responsibility, etc | Esther Urdang. |
| 250 ## - EDITION STATEMENT | |
| Edition statement | 2 edition. |
| 264 #1 - PRODUCTION, PUBLICATION, DISTRIBUTION, MANUFACTURE, AND COPYRIGHT NOTICE | |
| Place of production, publication, distribution, manufacture | Abingdon, Oxon ; |
| -- | New York, NY : |
| Name of producer, publisher, distributor, manufacturer | Routledge, |
| Date of production, publication, distribution, manufacture, or copyright notice | 2007. |
| 300 ## - PHYSICAL DESCRIPTION | |
| Extent | xvii, 710 pages ; |
| Dimensions | 25 cm |
| 336 ## - CONTENT TYPE | |
| Content type term | text |
| Source | rdacontent |
| 337 ## - MEDIA TYPE | |
| Media type term | unmediated |
| Source | rdamedia |
| 338 ## - CARRIER TYPE | |
| Carrier type term | volume |
| Source | rdacarrier |
| 504 ## - BIBLIOGRAPHY, ETC. NOTE | |
| Bibliography, etc | Includes bibliographical references and index. |
| 505 0# - FORMATTED CONTENTS NOTE | |
| Formatted contents note | Psychoanalytic and ego psychology theories -- Object relations, self psychology, and cognitive-behavioral theories -- Postmodern theories : constructivism, relational therapy, narrative therapy, and resilience -- Social systems and the community -- Culture and diversity -- The family : forms and organization -- The family : internal structures and special family problems -- Reproductive issues, infancy and early childhood development -- Middle childhood and adolescence -- Adult development -- Life transitions, turning points, crises and loss -- Illness and disability -- Mental health problems -- Psychosocial complexities of technological advances. |
| 650 12 - SUBJECT ADDED ENTRY--TOPICAL TERM | |
| Topical term or geographic name as entry element | Behavior. |
| Topical term or geographic name as entry element | Psychology, Social. |
| Topical term or geographic name as entry element | Psychoanalytic Theory. |
| 906 ## - LOCAL DATA ELEMENT F, LDF (RLIN) | |
| a | 7 |
| b | cbc |
| c | orignew |
| d | 1 |
| e | ecip |
| f | 20 |
| g | y-gencatlg |
| 942 ## - ADDED ENTRY ELEMENTS (KOHA) | |
| Source of classification or shelving scheme | Library of Congress Classification |
| Koha item type | Long Loan Books |
| Withdrawn status | Lost status | Source of classification or shelving scheme | Damaged status | Not for loan | Collection code | Home library | Current library | Shelving location | Date acquired | Source of acquisition | Total Checkouts | Full call number | Barcode | Date last seen | Price effective from | Koha item type |
|---|---|---|---|---|---|---|---|---|---|---|---|---|---|---|---|---|
| Library of Congress Classification | Non-fiction | Rongo University Library | Rongo University Library | General Stacks | 13/04/2026 | Books for Africa, Donation | HM1033 .U73 2007 | 20261643 | 13/04/2026 | 13/04/2026 | Long Loan Books |
